Restaurant management (Record no. 208028)

MARC details
000 -LEADER
fixed length control field 00350nam a2200145Ia 4500
008 - FIXED-LENGTH DATA ELEMENTS--GENERAL INFORMATION
fixed length control field 231221s9999 xx 000 0 und d
041 ## - LANGUAGE CODE
Language code of text/sound track or separate title English
082 ## - DEWEY DECIMAL CLASSIFICATION NUMBER
Classification number 647.94 CHA;1 R
100 ## - MAIN ENTRY--PERSONAL NAME
Personal name Chakravarthi, B K
245 #0 - TITLE STATEMENT
Title Restaurant management
260 ## - PUBLICATION, DISTRIBUTION, ETC.
Date of publication, distribution, etc. 2004
Name of publisher, distributor, etc. APH publ.
Place of publication, distribution, etc. New Delhi
300 ## - PHYSICAL DESCRIPTION
Extent 241
500 ## - GENERAL NOTE
General note Missing 2020
942 ## - ADDED ENTRY ELEMENTS (KOHA)
Koha item type Hotel Management Library
Holdings
Date last seen Total checkouts Full call number Accession number Cost, total (INR) price Price effective from Category Public note Lost status Damaged status Department Withdrawn status Home library Current library Shelving location Entry date Vendor Cost, normal purchase price Grants Billnumber Billdate Currency symbol Conversion rate Discount Old discount
26/01/2024   647.94 CHA;1 R HM629 396.00 26/01/2024 Hotel Management Library 12:00.0     HEM   Central Library Central Library HM   College Book House 495.00 HM A-373 16/04/2010 RS 1 99 20

© For any Suggestions or Query, please contact the library staff @ librarian@pes.edu or Phone: +9180 2672 1983/ 2108.